000
00295nam a22001337a 4500
008
170928b xxu||||| |||| 00| 0 eng d
020
_a
9780205319527
041
_a
eng
080
_2
5TH
_a
37
100
_a
47
101
_a
EDU
245
_a
LEARNING DISABILITIES
_c
SMITH,C.R
942
_2
udc
_c
BK
999
_c
30542
_d
30542